000 00569cam a2200205ua 4500
020 _a81-7993-002-5
041 _aeng
_h
082 _a028.74333
_bPAC/EN
100 _aPachauri, R K .
_95984
245 _aEnsuring sustainable livelihood : Challenges for governments, corporate and civil society at Riotio /
_cR K Pachauri.
_hTextual Documents
250 _a1 /
_b.
260 _aIndia :
_bTata Energy Research Institute ,
_c2002.
300 _a411 ; .
504 _a
650 _aProceedings
_95834
942 _cBK
999 _c68
_d68
003 @
003 OSt